LEADER 01412nam a2200289 i 4500 001 000000245702 003 CaOOAMICUS 005 20151013000000.0 008 151013s2004 it u000 u ita u 013 $a224607 020 $a88-89197-28-5 040 $aSeMil$bita 100 1 $aBello, Antonio,$c.$0(OLS)http://semarc/name/4578 245 10$aProfeta...abbastanza :$blettere sulla guerra che ritorna /$cAntonio Bello ; prefazione di Tonio Dell'Olio ; postfazione di Isidoro D. Mortellaro. 260 $aMolfetta (BA) :$bLa Meridiana,$c2004. 300 $a60 p. :$b23 cm + 1 compact disc. 490 0 $aPaginealtre : lungo i sentieri della differenza 650 4$aBello, Antonio - Pensiero politico e sociale.$0(OLS)http://semarc/subject/16095 700 1 $aMortellaro, Isidoro D.$0(OLS)http://semarc/name/82574 700 1 $aDell'Olio, Tonio,$c.$0(OLS)http://semarc/name/62607 830 0$aPaginealtre.$0(OLS)http://semarc/title/7770 850 $aSeMil 852 $aSeMil$W1$xVenegono$y1$m3F III 613$j196048$B196048$CSeMilBibl$Z2$F207378 $81 961 $aOmaggio: Altro 996 $6020$a88-89197-28-5$9(OLS)http://semarc/number/254358 996 $6245$aProfeta...abbastanza :$blettere sulla guerra che ritorna$9(OLS)http://semarc/title/347331 996 $6260$aMolfetta (BA) :$bLa Meridiana$9(OLS)http://semarc/publisher/32072 LEADER 00912nam a2200169 i 4500 001 000000062893 003 CaOOAMICUS 005 19980713000000.0 008 980713n xx u000 u ger u 013 $a34065 040 $aSeMil$bita 100 1 $aPoschmann, Bernhard,$d<1878-1955>.$0(OLS)http://semarc/name/21567 245 14$aDie Sichtbarkeit der Kirche nach der Lehre des hl. Cyprian. Paderborn :$bFerdinand Schöning, 1908. (Forschungen zur Christlichen Literatur-und Dogmengeschichte ; 8. Band). 600 04$aCipriano : di Cartagine .$0(OLS)http://semarc/subject/8365 850 $aSeMil 852 $aSeMil$W1$xVenegono$y1$m2M III 58$j29046$B29046$CSeMilBibl$Z2$F29049 $81 996 $6245$aDie Sichtbarkeit der Kirche nach der Lehre des hl. Cyprian. Paderborn :$bFerdinand Schöning, 1908. (Forschungen zur Christlichen Literatur-und Dogmengeschichte ; 8. Band).$9(OLS)http://semarc/title/99090